Komparatívna analýza ekologikej náročnosti ekonomík postsovietskych štátov na príklade Ruskej federácie

Problematika vplyvu ekonomického vývoja vo veľmi špecifickej tranzitívnej ekonomike na jej ekologické ukazovatele. Environmentálna Kuznetsova krivka. Malý podiel Ruskej federácie na svetovej priemyselnej výrobe, všeobecná deindustrializácia ekonomiky a transformácia ekonomiky na surovinovoorientovan...

Celý popis

Uložené v:
Podrobná bibliografia
Hlavný autor: Raneta, Leonid, 1982-
Médium: Kapitola
Jazyk:Slovak
Predmet:
Tagy: Pridať tag
Žiadne tagy, Buďte prvý, kto otaguje tento záznam!

MARC

LEADER 00000nla a2200000 4500
001 0241561
005 20240502073932.6
041 0 |a slo 
044 |a SK 
245 1 0 |a Komparatívna analýza ekologikej náročnosti ekonomík postsovietskych štátov na príklade Ruskej federácie  |c Leonid Raneta 
520 |a Problematika vplyvu ekonomického vývoja vo veľmi špecifickej tranzitívnej ekonomike na jej ekologické ukazovatele. Environmentálna Kuznetsova krivka. Malý podiel Ruskej federácie na svetovej priemyselnej výrobe, všeobecná deindustrializácia ekonomiky a transformácia ekonomiky na surovinovoorientovanú ekonomiku s všeobecne nízkou pridanou hodnotou. Vplyv týchto zmien na množstvo znečistenia ovzdušia a produkciu odpadových vôd. Znečistenie vodných zdrojov a ovzdušia v Ruskej federácii. 
610 2 0 |a prostredie životné 
610 2 0 |a ekológia 
610 2 0 |a znečistenie ovzdušia 
610 2 0 |a znečistenie vôd 
610 2 0 |a vývoj hospodársky 
610 2 0 |a Rusko 
100 1 |a Raneta, Leonid, 1982-